Statistics for Guess the Letter-shaped U.S. State Flags

Click here to take the quiz!

General Stats

  • This quiz has been taken 27 times
  • The average score is 26 of 50

Answer Stats

Answer% Correct
Florida
86%
Washington
86%
Hawaii
77%
Alabama
73%
Kansas
73%
Ohio
73%
Texas
73%
Alaska
68%
Colorado
68%
Delaware
68%
Georgia
64%
Iowa
64%
New Mexico
64%
Rhode Island
64%
Virginia
64%
Arizona
59%
California
59%
Illinois
59%
Oregon
59%
Tennessee
59%
Wisconsin
59%
Wyoming
59%
Nevada
55%
South Carolina
55%
Connecticut
50%
Idaho
50%
Indiana
50%
Nebraska
50%
Vermont
50%
West Virginia
50%
Arkansas
45%
Maryland
45%
Mississippi
45%
Missouri
45%
North Carolina
45%
Oklahoma
45%
Utah
45%
Louisiana
41%
North Dakota
41%
Pennsylvania
41%
South Dakota
41%
Kentucky
36%
Maine
36%
New Hampshire
36%
Massachusetts
27%
New Jersey
27%
New York
27%
Michigan
23%
Minnesota
18%
Montana
18%

Score Distribution

Percentile by Number Answered

Percent of People with Each Score

Your Score History

You have not taken this quiz